Statistics for Top 5 Best NBA teams of the 50's

Click here to take the quiz!

General Stats

  • This quiz has been taken 38 times
  • The average score is 4 of 5

Answer Stats

WinsTeam% Correct
408Boston Celtics
97%
388Minneapolis Lakers
94%
388New York Knicks
69%
364Cincinnati Royals
63%
404Syracuse Nationals
50%

Score Distribution

Percentile by Number Answered

Percent of People with Each Score

Your Score History

You have not taken this quiz